000 00408 a2200169 4500
001 62475
020 _a8526259288
040 _cAnchieta - Pituba
100 _aIfante, Ulisses.
240 1 0 _aCursos de gramática aplicada aos textos.
_lpor
245 1 0 _aCursos de gramática aplicada aos textos.
300 _a512
362 0 _a2006
440 1 _aScipione
650 4 _aLíngua Portuguesa
942 _cBK
999 _c62475
_d62475